| 000 | 00680nam a2200181 i 4500 | ||
|---|---|---|---|
| 001 | 170742 | ||
| 003 | ES-MaACL | ||
| 005 | 20250808062739.0 | ||
| 008 | 090402s1951 sp |||| | spa d | ||
| 100 | 1 |
_aAlastruey y Sánchez, Gregorio. _9139673 |
|
| 245 | 1 | 0 |
_aTratado de la Santísima Eucaristía _b: primera versión castellana de la edición latina del mismo autor / _cpor Gregorio Alastruey. |
| 260 |
_aMadrid : _bLa Editorial Católica, _c1951. |
||
| 300 |
_aXXXVI, 426 p. : _bil. ; _c20 cm. |
||
| 490 | 1 |
_aBiblioteca de autores cristianos ; _v71 |
|
| 830 | 0 | 0 |
_aBiblioteca de autores cristianos _v71 _9178679 |
| 852 |
_aES-MaACL _jJ-69 _9R.46092 |
||
| 999 |
_c170742 _d170742 |
||